ដើមកំនើតសត្វផ្សោត : (Record no. 8916)
[ view plain ]
| 000 -LEADER | |
|---|---|
| fixed length control field | 03754nam a22003137a 4500 |
| 001 - CONTROL NUMBER | |
| control field | 8916 |
| 003 - CONTROL NUMBER IDENTIFIER | |
| control field | FISKH |
| 005 - DATE AND TIME OF LATEST TRANSACTION | |
| control field | 20251031122617.0 |
| 008 - FIXED-LENGTH DATA ELEMENTS--GENERAL INFORMATION | |
| fixed length control field | 251031b cb ||||| |||| 00| 0 eng d |
| 020 ## - INTERNATIONAL STANDARD BOOK NUMBER | |
| International Standard Book Number | 9789996301186 |
| 040 ## - CATALOGING SOURCE | |
| Original cataloging agency | FISKH |
| Language of cataloging | khr |
| Transcribing agency | FISKH |
| Modifying agency | FISKH |
| 050 ## - LIBRARY OF CONGRESS CALL NUMBER | |
| Classification number | PZ7 |
| 082 ## - DEWEY DECIMAL CLASSIFICATION NUMBER | |
| Classification number | 398.2 |
| 100 ## - MAIN ENTRY--PERSONAL NAME | |
| Personal name | Sotheary, Kimsun |
| 245 ## - TITLE STATEMENT | |
| Title | ដើមកំនើតសត្វផ្សោត : |
| Remainder of title | The origin of the dolphin / |
| Statement of responsibility, etc. | រៀបរៀងដោយ អ្នកស្រី គឹមស៊ុន សុធារី , ត្រួតពិនិត្យអក្ខរាវិរុទ្ធ លោក វ៉ាន់ សុភ័ក្រ្ត , អ្នកនាង វ៉ាត ចរិយា ,កញ្ញា វុិច វឌ្ឍនានិង កញ្ញា ហម លីមឆេង |
| 260 ## - PUBLICATION, DISTRIBUTION, ETC. | |
| Place of publication, distribution, etc. | Phnom Penh : |
| Name of publisher, distributor, etc. | Reading Books , |
| Date of publication, distribution, etc. | 2007. |
| 300 ## - PHYSICAL DESCRIPTION | |
| Extent | 24 pages : |
| Other physical details | color illustrations ; |
| Dimensions | 25 cm . |
| 490 ## - SERIES STATEMENT | |
| Series statement | ពិភពរឿងនិទាន |
| 505 ## - FORMATTED CONTENTS NOTE | |
| Formatted contents note | M <br/> |
| 520 ## - SUMMARY, ETC. | |
| Summary, etc. | មានកូនស្រីក្រមុំអ្នកស្រុកម្នាក់គឺជាប្រពន្ធរបស់រុក្ខទេវតាកាលពីជាតិមុន ។ ជារៀងរាល់យប់រុក្ខទេវតាបានក្រឡាខ្លួនជាពស់ថ្លាន់មកជួបប្រពន្ធ ។ លុះពេលរាត្រីស្ងាត់ រុក្ខទេវតាក៏និមិត្តរូបជាទេវតាមកជួបនាង ។ ពេលទៀបភ្លឺប្តីប្រាប់ប្រពន្ធអោយនាំឪពុកម្តាយទៅជីកកំណប់ក្នុងដំបូកមួយ ។ យូរៗទៅដំណឹងនេះក៏លេចលឺដល់អ្នកស្រុក ហើយក៏មានក្រុមគ្រួសារមួយបានរកពស់ថ្លាន់អោយមករៀបការនឹងកូនស្រីខ្លួន ។ ពេលយប់មកដល់ពស់ថ្លាន់នោះក៏ចាប់ផ្តើមលេបនាងក្រមុំនោះ ។ ឪពុកបានវះពោះពស់ថ្លាន់ដើម្បីយកកូនក្រមុំ ។ នាងក្រមុំខ្មាសគេជាខ្លាំងក៏យកផ្តិលដាក់លើក្បាល ទៅលោតទឹកនៅក្នុងទន្ល ហើយក៏បានក្លាយជាផ្សោតញីមួយក្បាល ។ |
| 520 ## - SUMMARY, ETC. | |
| Summary, etc. | A village girl was, in a past life, the wife of a tree deity. Every night, the tree deity would transform into a giant serpent and visit his wife. During the quiet nights, the deity also appeared in his divine form to meet her. One morning, the deity instructed his wife to take her parents to a secret burial place in a secluded mound. Over time, this news spread throughout the village. One family even caught the serpent and tried to arrange a marriage between the serpent and their daughter. That night, the giant serpent attempted to swallow the girl. Her father bravely cut open the serpent’s belly to rescue his daughter. The girl, terrified, placed a magical crown on her head and leapt into the river. There, she transformed into an owl. |
| 521 8# - TARGET AUDIENCE NOTE | |
| Target audience note | 550 <br/> |
| Source | Lexile estimate <br/> |
| 521 8# - TARGET AUDIENCE NOTE | |
| Target audience note | M <br/> |
| Source | Raz-Plus <br/> |
| 650 ## - SUBJECT ADDED ENTRY--TOPICAL TERM | |
| Topical term or geographic name entry element | ដើមកំនើតសត្វផ្សោត |
| Form subdivision | រឿងនិទានកុមារ |
| 650 ## - SUBJECT ADDED ENTRY--TOPICAL TERM | |
| Topical term or geographic name entry element | The origin of the dolphin |
| Form subdivision | Children's Stories |
| 700 ## - ADDED ENTRY--PERSONAL NAME | |
| Personal name | San , Thai |
| Relator term | Illustrator |
| 942 ## - ADDED ENTRY ELEMENTS (KOHA) | |
| Source of classification or shelving scheme | Dewey Decimal Classification |
| Koha item type | Khmer Books |
| Suppress in OPAC | No |
| Withdrawn status | Lost status | Source of classification or shelving scheme | Damaged status | Not for loan | Collection | Home library | Current library | Shelving location | Date acquired | Total Checkouts | Full call number | Barcode | Date last seen | Copy number | Price effective from | Koha item type | Date last checked out |
|---|---|---|---|---|---|---|---|---|---|---|---|---|---|---|---|---|---|
| Dewey Decimal Classification | Khmer-English Bilingual / ភាសាខ្មែរ-អង់គ្លេស | Footprints International School Library Network Toul Tom Poung Campus | Footprints International School Library Network Toul Tom Poung Campus | TTP Primary Khmer Bookshelves | 10/31/2025 | SOT PZ7 398.2 | FIS04497 | 10/31/2025 | 1 | 10/31/2025 | Khmer Books | ||||||
| Dewey Decimal Classification | Khmer-English Bilingual / ភាសាខ្មែរ-អង់គ្លេស | Footprints International School Library Network Toul Tom Poung Campus | Footprints International School Library Network Toul Tom Poung Campus | TTP Primary Khmer Bookshelves | 11/11/2025 | SOT PZ7 398.2 | FIS04499 | 11/11/2025 | 2 | 11/11/2025 | Khmer Books | ||||||
| Dewey Decimal Classification | Khmer-English Bilingual / ភាសាខ្មែរ-អង់គ្លេស | Footprints International School Library Network Toul Tom Poung Campus | Footprints International School Library Network Toul Tom Poung Campus | TTP Primary Khmer Bookshelves | 11/11/2025 | SOT PZ7 398.2 | FIS04486 | 11/11/2025 | 3 | 11/11/2025 | Khmer Books | ||||||
| Dewey Decimal Classification | Khmer-English Bilingual / ភាសាខ្មែរ-អង់គ្លេស | Footprints International School Library Network Toul Tom Poung Campus | Footprints International School Library Network Toul Tom Poung Campus | TTP Primary Khmer Bookshelves | 12/12/2025 | 1 | SOT PZ7 398.2 | FIS04482 | 03/11/2026 | 4 | 12/12/2025 | Khmer Books | 03/11/2026 |
